000 00939na a2200277 4500
001 24231
003 MIRAKIL
005 20181213155332.0
008 180704b tu 000 0
020 _a9786054657049
040 _aMilas
_btur
_cTR-AnCHP
041 _atur
082 _a320.5315098
_bL53l 2012
090 _a320.5315098 L53l 2012
100 _aLievesley, Geraldine
245 _aLatin Amerika'da radikal sosyal demokrasi deneyimleri
_cGeraldine Lievesley, Steve Ludlam ; çeviren Funda Çoban
260 _aAnkara
_bPhoenix Yayınevi
_c2012
_fCem Web Ofset
300 _a400 s.
_c19 sm.
500 _aYapıtın özgün adı: Reclaiming Latin America: Experiments in radical Social demokracy
504 _aKaynakça ve dizin var.
650 _aSosyal demokrasi
_zLatin Amerika
650 _aSiyasal ideolojiler
_xSosyal demokrasi
700 _aÇoban, Funda
_eçev.
700 _aLudlam, Steve
942 _2dcc
_cBKS
999 _c10752
_d10752